Гидрогеология центральной части Южной Якутии

Bibliografische gegevens
Hoofdauteur: Вельмина Н. А. Нина Александровна
Coauteur: Академия наук СССР (АН СССР) Институт мерзлотоведения
Andere auteurs: Узембло В. В. Владимир Валерьянович
Samenvatting:В работе кратко освещаются физико-географические условия и гидрологические особенности Алданского кристаллического массива. Главное внимание уделено подземным водам территории, выделенным в ее пределах гидрогеологическим районам и взаимодействию подземных вод с многолетнемерзлыми породами. Работа является обобщенным результатом полевых и лабораторных исследований, выполненных в 1951—1955 гг. Алданским мерзлотногидрогеологическим отрядом Якутской комплексной экспедиции Совета по изучению производительных сил и Института мерзлотоведения АН СССР.
Taal:Russisch
Gepubliceerd in: Москва, Изд-во АН СССР, 1959
Onderwerpen:
Formaat: Boek
KOHA link:https://koha.lib.tpu.ru/cgi-bin/koha/opac-detail.pl?biblionumber=376188

MARC

LEADER 00000nam0a2200000 4500
001 376188
005 20231102012811.0
035 |a (RuTPU)RU\TPU\retro\33628 
035 |a RU\TPU\book\251780 
090 |a 376188 
100 |a 20221221d1959 k y0rusy50 ca 
101 0 |a rus 
102 |a RU 
105 |a a z 001zy 
200 1 |a Гидрогеология центральной части Южной Якутии  |f Н. А. Вельмина, В. В. Узембло  |g Академия наук СССР (АН СССР), Институт мерзлотоведения 
210 |a Москва  |a Ленинград  |c Изд-во АН СССР  |d 1959 
215 |a 179 с.  |c ил. 
317 |5 63413507: КР-489  |a Поступила в НТБ в 2004 г. в составе книжного собрания профессора ТПИ К. В. Радугина. 
320 |a Библиогр.: с. 177-178. 
330 |a В работе кратко освещаются физико-географические условия и гидрологические особенности Алданского кристаллического массива. Главное внимание уделено подземным водам территории, выделенным в ее пределах гидрогеологическим районам и взаимодействию подземных вод с многолетнемерзлыми породами. Работа является обобщенным результатом полевых и лабораторных исследований, выполненных в 1951—1955 гг. Алданским мерзлотногидрогеологическим отрядом Якутской комплексной экспедиции Совета по изучению производительных сил и Института мерзлотоведения АН СССР. 
606 1 |a Гидрогеология  |2 stltpush  |3 (RuTPU)RU\TPU\subj\38647  |9 59032 
610 1 |a Южная Якутия 
610 1 |a гидрогеология 
610 1 |a геологическое строение 
610 1 |a подземные воды 
610 1 |a многолетнемерзлые грунты 
610 1 |a взаимодействие 
610 1 |a мерзлотно-геологические явления 
610 1 |a гидрогеологическое районирование 
610 1 |a зональность 
610 1 |a библиотека К. В. Радугина 
675 |a 556.3  |v 3 
700 1 |a Вельмина  |b Н. А.  |g Нина Александровна 
701 1 |a Узембло  |b В. В.  |g Владимир Валерьянович 
712 0 2 |a Академия наук СССР (АН СССР)  |b Институт мерзлотоведения  |c (Москва)  |2 stltpush  |3 (RuTPU)RU\TPU\col\18476 
801 1 |a RU  |b 63413507  |c 20130125 
801 2 |a RU  |b 63413507  |c 20221221  |g RCR 
942 |c BK